Visual Basic .Net : Kỹ xảo lập trình ( Ấn bản Sinh Viên )

Gespeichert in:
Bibliographische Detailangaben
1. Verfasser: Phương Lan
Format: Buch
Sprache:Undetermined
Veröffentlicht: Thành phố Hồ Chí Minh Phương Đông 2005
Schlagworte:
Tags: Tag hinzufügen
Keine Tags, Fügen Sie den ersten Tag hinzu!
Thư viện lưu trữ: Trung tâm Học liệu Trường Đại học Cần Thơ
LEADER 00640nam a2200205Ia 4500
001 CTU_112310
008 210402s9999 xx 000 0 und d
020 |c 47000 
082 |a 005.268 
082 |b Ph561 
100 |a Phương Lan 
245 0 |a Visual Basic .Net : 
245 0 |b Kỹ xảo lập trình ( Ấn bản Sinh Viên ) 
245 0 |c Phương Lan 
260 |a Thành phố Hồ Chí Minh 
260 |b Phương Đông 
260 |c 2005 
650 |a Microsoft visual basic,Basic ( computer program language ),Microsoft .net 
904 |i Minh 
980 |a Trung tâm Học liệu Trường Đại học Cần Thơ